Código del trabajo: edición no oficial

Gardado en:
Detalles Bibliográficos
Formato: Libro
Idioma:Lingua castelá
Publicado: Santiago Jurídica de Chile 2001
Subjects:
Tags: Engadir etiqueta
Sen Etiquetas, Sexa o primeiro en etiquetar este rexistro!

MARC

LEADER 00000nam a2200000 a 4500
001 UCN9192
003 CL-VaPUC
008 011130e20011100CL |||||||||||||||||spa|d
082 0 4 |a 344.8301  |b COD  |2 21 
245 1 0 |a Código del trabajo: edición no oficial 
300 |a 271 p 
942 |c BK 
945 |d 20011130 00:00:00  |a vberengu 
260 |a Santiago  |b Jurídica de Chile  |c 2001 
500 |a Edición No oficial del Código del Trabajo 
650 7 |a CAPACITACION LABORAL  |2 CL-VaPUC  |9 411356 
650 7 |a CONTRATO DE TRABAJO  |2 CL-VaPUC  |9 465692 
650 7 |a JURISDICCION LABORAL  |2 CL-VaPUC  |9 395194 
650 7 |a LEGISLACION DEL TRABAJO  |2 CL-VaPUC  |9 446867 
650 0 |a Negociación colectiva  |9 312433 
650 0 |a Sindicatos  |9 255034 
650 0 |a Trabajo  |9 313876 
583 |a last modification  |c 20011130 00:00:00  |k Rodrigo Vera 
999 |c 298714  |d 298712 
952 |0 0  |1 0  |2 ddc  |4 0  |6 344_830100000000000_COD_2001  |7 0  |8 FOND_LRYV  |9 354507  |a BIBDER  |b BIBDER  |d 2019-11-21  |i 3780511  |o 344.8301 COD 2001  |p 3780511  |r 2023-01-25  |w 2019-11-21  |y BK_X  |k DER 
952 |0 0  |1 0  |2 ddc  |4 0  |6 344_830100000000000_COD_2001  |7 0  |8 FOND_LRYV  |9 354509  |a BIBDER  |b BIBDER  |d 2019-11-21  |i 3780538  |o 344.8301 COD 2001  |p 3780538  |r 2023-01-25  |w 2019-11-21  |y BK_X  |k DER